| 000 | 00768nam a2200241 i 4500 | ||
|---|---|---|---|
| 001 | 140242 | ||
| 003 | ES-MaACL | ||
| 005 | 20230906200035.0 | ||
| 007 | t| | ||
| 008 | 070214s1986 sp r ||||1| spa d | ||
| 020 | _a84-7214-368-6 | ||
| 100 | 1 |
_aSchulze, Franz. _9104797 |
|
| 245 | 1 | 0 |
_aMies van der Rohe _b: una biografía crítica / _cFranz Schulze ; traducción de Jorge Sainz Avia. |
| 250 | _a1ª. ed. | ||
| 260 |
_aMadrid : _bHermann Blume, _c1986. |
||
| 300 |
_aXXIII, 359 p. : _bil. ; _c26 cm. |
||
| 490 | 1 | _aMaestros de la arquitectura | |
| 600 | 0 | 4 |
_aMies van der Rohe, Ludwig. _980975 |
| 700 | 1 |
_aSáinz Avia, Jorge. _9101576 |
|
| 830 | 0 |
_aMaestros de la arquitectura _9187170 |
|
| 852 |
_aES-MaACL _jG-1686 _bR.114361 |
||
| 999 |
_c140242 _d140242 |
||